XX. slovenský a český neurologický zjazd s medzinárodnou účasťou

Bibliographic Details
Main Author: Bánska, Katarína (Author)
Format: Article
Language:Slovak
PhysicalDescription:Fotogr.
ISSN:1335-4477
Subjects:

MARC

LEADER 00000nab a2200000 a 4500
001 vtls008886615
003 SK-MaSNL
005 20260304171943.0
008 140303c2006 xo wrzp 0 0slo
015 |a SNBRB2006/11  |2 snkbucl 
040 |a SNKBUCL  |b slo  |c SNKBUCL  |e AACR2 
041 0 |a slo 
044 |a xo  |c SK 
080 |a 616.83/.85:061.22:061.3  |x (437.6)  |x (437.1/.2)  |2 1997 
100 1 |a Bánska, Katarína  |4 aut  |9 122208 
245 1 0 |a XX. slovenský a český neurologický zjazd s medzinárodnou účasťou  |c Katarína Bánska 
246 3 |a Dvadsiaty slovenský a český neurologický zjazd s medzinárodnou účasťou 
300 |a Fotogr. 
610 2 7 |a Slovenská neurochirurgická spoločnosť  |2 snkbucl  |9 1208342 
610 2 7 |a Česká neurologická spoločnosť  |2 snkbucl  |9 1501001 
648 7 |a 2006  |2 snkbucl  |9 313148 
650 0 7 |a neurológia  |2 snkbucl  |9 908 
650 0 7 |a kongresy  |2 snkbucl  |9 19200 
773 0 |t Zdravotnícke noviny  |g Roč. XI, č. 39 (2006)  |x 1335-4477 
773 0 8 |t Kompendium medicíny  |g S. 3-5 
852 |a SNK  |b KIS3GCP 
958 |a MI 
958 |a SK 
999 |c 2995694  |d 2997624